000 01104pam a2200313 a 4500
001 2542066
003 ARRUPE
005 20131106135125.0
008 940602s1995 nyua b 001 0 eng
010 _a 94025051
020 _a0673387690
040 _aDLC
_cDLC
_dDLC
043 _an-us---
050 0 0 _aE184.A1
_bJ29 1995
100 1 _aJaret, Charles.
_93378
245 1 0 _aContemporary racial and ethnic relations /
_cCharles Jaret.
260 _aNew York :
_bHarperCollins College Publishers,
_cc1995.
300 _axvi, 646 p. :
_bill. ;
_c25 cm.
504 _aIncludes bibliographical references (p. [581]-623) and indexes.
650 0 _aRacism
_zUnited States.
_93379
650 0 _aRacism.
_93380
650 0 _aRace relations.
_93381
650 0 _aEthnic relations.
_93382
651 0 _aUnited States
_xRace relations.
_93383
651 0 _aUnited States
_xEthnic relations.
_93384
906 _a7
_bcbc
_corignew
_d1
_eocip
_f19
_gy-gencatlg
942 _2lcc
_cMONOGRAPH
999 _c118547
_d118547